000 00445pab a2200169 454500
008 180718b1995 xxu||||| |||| 00| 0 eng d
100 _aMukherjee, Kampan
245 _aQuality and productivity
_bstudy on a public sector unit.
260 _c1995
300 _ap.430-36
362 _aOct-Dec
650 _aPublic sector enterprises - India
650 _aPublic sector
700 _aKrishna, C.M.
773 _aProductivity
909 _a30328
999 _c30328
_d30328